000 00947nam a2200289Ia 4500
003 OSt
005 20221005060234.0
006 a|||||r|||| 00| 0
007 ta
008 221004b |||||||| |||| 00| 0 eng d
020 _a9781138205888 (hbk)
_cUKP 115.00
024 _a38737
037 _b396, 16/03/2018, Classic Book Service
_cTextual
040 _aCRL
_cCRL
_beng
041 _2eng
_aeng
082 _a2:(D65,8(B)), Q8
100 _aHazas Mike Ed.
_9599503
245 0 _aDigital technology and sustainability
_b engaging the paradox
260 _aLondon
_bRouteldge UK
_c2018
300 _axvii,242p.
_ccm.
490 _aRoutledge studies in sustainability
650 _a LIBRARY SCIENCE
650 _aDIGITAL LIBRARIES
700 _a Nathan Lisa P. Ed.
_9599504
942 _h2:(D65,8(B)), Q8
_cTEXL
_2cc
999 _c966397
_d966397